Special landscape areas: landscape conservation or confusion in the town and country planning system? (Record no. 117760)
[ view plain ]
| 000 -LEADER | |
|---|---|
| fixed length control field | 01225cam a2200229 4500 |
| 001 - CONTROL NUMBER | |
| control field | ABS68047 |
| 008 - FIXED-LENGTH DATA ELEMENTS--GENERAL INFORMATION | |
| fixed length control field | 040722n2004 000 0 eng u |
| 035 ## - SYSTEM CONTROL NUMBER | |
| System control number | (Sirsi) u126912 |
| 100 ## - MAIN ENTRY--PERSONAL NAME | |
| Personal name | Scott, A. |
| 245 ## - TITLE STATEMENT | |
| Title | Special landscape areas: landscape conservation or confusion in the town and country planning system? |
| 260 ## - PUBLICATION, DISTRIBUTION, ETC. | |
| Date of publication, distribution, etc. | 2004 |
| 490 ## - SERIES STATEMENT | |
| Series statement | Town Planning Review |
| Volume/sequential designation | 75(2) 2004, 205-230(26) |
| 520 ## - SUMMARY, ETC. | |
| Summary, etc. | Assesses the efficacy and relevance of the Special Landscape Area (SLA) designation within the British planning system. Provides critical assessment of SLAs across Wales which reveals confusion and contradiction within the guidance. Highlights an emerging discourse between planners who seek to protect landscape using SLAs and those who advocate a more holistic approach. Concludes that the emphasis on designation as a prime tool for landscape planning is outdated and is in need of urgent reform towards a more multifunctional assessment of landscape character. [Taken from journal abstract] |
| 590 ## - LOCAL NOTE (RLIN) | |
| Local note | ABS |
| 590 ## - LOCAL NOTE (RLIN) | |
| Local note | ABS |
| 650 ## - SUBJECT ADDED ENTRY--TOPICAL TERM | |
| Topical term or geographic name entry element | SPECIAL LANDSCAPE AREAS |
| 650 ## - SUBJECT ADDED ENTRY--TOPICAL TERM | |
| Topical term or geographic name entry element | LOCAL DEVELOPMENT PLANS |
| 650 ## - SUBJECT ADDED ENTRY--TOPICAL TERM | |
| Topical term or geographic name entry element | PLANNING GUIDANCE |
| 690 ## - LOCAL SUBJECT ADDED ENTRY--TOPICAL TERM (OCLC, RLIN) | |
| Topical term or geographic name as entry element | PLANNING |
| 700 ## - ADDED ENTRY--PERSONAL NAME | |
| Personal name | Bullen, A. |
| 942 ## - ADDED ENTRY ELEMENTS (KOHA) | |
| Suppress in OPAC | 0 |
| Withdrawn status | Lost status | Source of classification or shelving scheme | Damaged status | Not for loan | Home library | Current library | Shelving location | Date acquired | Total Checkouts | Full call number | Barcode | Date last seen | Copy number | Price effective from | Koha item type |
|---|---|---|---|---|---|---|---|---|---|---|---|---|---|---|---|
| Dewey Decimal Classification | London | London | Journal article | 22/07/2004 | ABS68047 | 126912-1001 | 06/08/2019 | 1 | 06/08/2019 | Journal article |